[Event "EU-ch U12 Girls"]
[Site "Bratislava"]
[Date "2019.08.09"]
[Round "8"]
[White "Darmaeva, Nomina"]
[Black "Tsirekidze, Barbare"]
[Result "0-1"]
[WhiteElo "1389"]
[BlackElo "1579"]
[PlyCount "86"]
[EventDate "2019.08.02"]
[EventType "swiss"]
[EventRounds "9"]
[EventCountry "SVK"]
[SourceTitle "EXT 2020"]
[Source "ChessBase"]
[SourceDate "2019.10.17"]
[SourceVersion "1"]
[SourceVersionDate "2019.10.17"]
[SourceQuality "1"]

1. e4 e6 2. d4 d5 3. Nc3 dxe4 4. Nxe4 Nd7 5. Nf3 Ngf6 6. Nxf6+ Nxf6 7. Bd3 Be7 8. 0-0 0-0 9. c3 b6 10. Re1 Bb7 11. Qe2 c5 12. dxc5 Bxc5 13. Bg5 h6 14. Bh4 Be7 15. Rad1 Qc8 16. Ne5 Rd8 17. h3 a6 18. a4 Nd5 19. Bxe7 Nxe7 20. Qh5 Rf8 21. Re3 Nf5 22. Bxf5 exf5 23. Rg3 Qe6 24. Re1 Be4 25. Nd3 Qd6 26. Nc1 f4 27. Rg4 Bg6 28. Qe5 Qxe5 29. Rxe5 Rfe8 30. Rxe8+ Rxe8 31. Na2 Bb1 32. Nb4 g5 33. Nd5 Re1+ 34. Kh2 f5 35. Rxf4 gxf4 36. Nxf4 Bc2 37. Nd5 Bxa4 38. Nxb6 Bc6 39. Nc8 Kg7 40. Nd6 Kf6 41. Nc4 Re2 42. Kg3 Bb5 43. Ne3 Rxb2 0-1

[Event "EU-ch U12 Girls"]
[Site "Bratislava"]
[Date "2019.08.07"]
[Round "6"]
[White "Tsirekidze, Barbare"]
[Black "Muradyan, Anahit"]
[Result "1-0"]
[WhiteElo "1579"]
[BlackElo "1346"]
[PlyCount "134"]
[EventDate "2019.08.02"]
[EventType "swiss"]
[EventRounds "9"]
[EventCountry "SVK"]
[SourceTitle "EXT 2020"]
[Source "ChessBase"]
[SourceDate "2019.10.17"]
[SourceVersion "1"]
[SourceVersionDate "2019.10.17"]
[SourceQuality "1"]

1. d4 Nf6 2. c4 c5 3. Nf3 cxd4 4. Nxd4 d6 5. g3 e6 6. Bg2 a6 7. Nc3 Qc7 8. Qb3 Be7 9. 0-0 0-0 10. Bd2 Nc6 11. Nxc6 bxc6 12. e4 Rb8 13. Qc2 e5 14. Kh1 Be6 15. Na4 Nd7 16. f4 exf4 17. Bxf4 c5 18. Rfe1 Nb6 19. Nxb6 Qxb6 20. Rab1 Qb4 21. b3 Qb6 22. e5 Rfd8 23. Rbd1 dxe5 24. Bxe5 Rxd1 25. Rxd1 Rd8 26. h3 Rxd1+ 27. Qxd1 Qd8 28. Qxd8+ Bxd8 29. Bd6 Bb6 30. Kg1 Bf5 31. Kf1 Bb1 32. a3 Ba2 33. Bd5 Bxb3 34. Ke2 Ba4 35. Ke3 Bd7 36. h4 g6 37. Ke4 Kg7 38. Bb7 a5 39. Ke5 Be6 40. Bd5 Bf5 41. Bb7 Be6 42. Ba6 h5 43. Bb5 Bg4 44. Bb8 Bd8 45. Kd6 Bf6 46. Kxc5 Bb2 47. a4 Kf6 48. Bc6 Be6 49. Kb5 Bc3 50. c5 Ke7 51. Bc7 Be1 52. Kb6 f6 53. Bd6+ Kd8 54. Bb5 g5 55. hxg5 fxg5 56. Bf1 h4 57. gxh4 gxh4 58. c6 Bc8 59. c7+ Ke8 60. Ka7 Kf7 61. Kb8 Bd7 62. c8Q Bxc8 63. Kxc8 Ke6 64. Kc7 Kd5 65. Be7 Kd4 66. Kc6 Kc3 67. Kb5 Kb3 1-0

[Event "Wch U12 Girls"]
[Site "Santiago de Compostela"]
[Date "2018.11.11"]
[Round "7"]
[White "Mihelic, Vesna"]
[Black "Tsirekidze, Barbare"]
[Result "1-0"]
[WhiteElo "1741"]
[BlackElo "1611"]
[PlyCount "115"]
[EventDate "2018.11.04"]
[EventType "swiss"]
[EventRounds "11"]
[EventCountry "ESP"]
[SourceTitle "EXT 2022"]
[Source "ChessBase"]
[SourceDate "2021.10.06"]
[SourceVersion "1"]
[SourceVersionDate "2021.10.06"]
[SourceQuality "1"]

1. e4 d6 2. d4 g6 3. Nc3 Bg7 4. Nf3 Nf6 5. Be2 0-0 6. 0-0 c6 7. a4 Nbd7 8. h3 Qc7 9. Be3 a6 10. Qd2 e5 11. dxe5 dxe5 12. Rfd1 Re8 13. a5 Bf8 14. Bc4 Nc5 15. Ng5 Be6 16. Nxe6 Nxe6 17. Bb6 Qe7 18. Bxe6 Qxe6 19. Qd3 Be7 20. Na4 Bd8 21. Nc5 Qe7 22. Qd6 Bxb6 23. axb6 Kg7 24. f3 Nh5 25. Qxe7 Rxe7 26. Rd2 Nf4 27. Rad1 Ne6 28. Nxe6+ fxe6 29. Kf2 a5 30. Rd8 Ra6 31. R1d7 Kf7 32. Rxe7+ Kxe7 33. Rh8 Rxb6 34. Rxh7+ Kf6 35. b3 Rb4 36. Ke3 Kg5 37. h4+ Kf6 38. g4 g5 39. h5 a4 40. bxa4 Rxa4 41. Rxb7 Ra3+ 42. Rb3 Ra4 43. Rc3 Ra6 44. Rc5 Ra3+ 45. c3 Ra6 46. Kd3 Rb6 47. Kc4 Rb2 48. Rxc6 Rf2 49. Rc8 Kg7 50. Rc7+ Kf6 51. h6 Rxf3 52. h7 Rh3 53. Kb5 Kg6 54. c4 Rb3+ 55. Kc6 Rc3 56. h8Q Rxc4+ 57. Kd6 Rd4+ 58. Ke7 1-0

[Event "EU-ch U12 Girls 28th"]
[Site "Riga"]
[Date "2018.08.29"]
[Round "9"]
[White "Tsirekidze, Barbare"]
[Black "Bashylina, Luisa"]
[Result "0-1"]
[WhiteElo "1413"]
[BlackElo "1817"]
[PlyCount "136"]
[EventDate "2018.08.20"]
[EventType "swiss"]
[EventRounds "9"]
[EventCountry "LAT"]
[SourceTitle "CBM 186 Extra"]
[Source "ChessBase"]
[SourceDate "2018.08.24"]
[SourceVersion "1"]
[SourceVersionDate "2018.08.24"]
[SourceQuality "1"]

1. e3 d6 2. b3 Nf6 3. Bb2 g6 4. Nf3 Bg7 5. Be2 0-0 6. 0-0 e5 7. d4 Nfd7 8. c4 Nc6 9. Qd2 f5 10. dxe5 dxe5 11. Rd1 g5 12. Nc3 e4 13. Ne1 Nce5 14. Ba3 Re8 15. Bh5 Nf7 16. Bxf7+ Kxf7 17. Qd5+ Kg6 18. Bb2 Qe7 19. Qd2 Nb6 20. Rac1 Be6 21. Qe2 Rad8 22. Nc2 c6 23. h3 Nd7 24. Ne1 Ne5 25. f3 exf3 26. Nxf3 Nxf3+ 27. Qxf3 Bc8 28. Rxd8 Rxd8 29. Rc2 Rd3 30. Nd1 f4 31. Bxg7 Kxg7 32. Rc3 fxe3 33. Nxe3 Rxc3 34. Nf5+ Bxf5 35. Qxc3+ Qf6 36. Qd2 Kg6 37. Qf2 a6 38. Qe2 Qe6 39. Qd2 Qd7 40. Qc3 c5 41. Qe1 Qd4+ 42. Kh2 Kf7 43. Qa5 Qe5+ 44. Kh1 Be4 45. Qd2 Qf5 46. Kg1 Bd3 47. Qd1 Kg6 48. Qe1 Qf7 49. a3 b5 50. Qa5 bxc4 51. bxc4 Qxc4 52. Qb6+ Kf5 53. Qc6 Qd4+ 54. Kh2 Bc4 55. Qc8+ Ke4 56. Qg4+ Kd3 57. Qxg5 Bd5 58. Qc1 Qe5+ 59. Kh1 Qe2 60. Qg5 Qxg2+ 61. Qxg2 Bxg2+ 62. Kxg2 c4 63. Kg3 c3 64. Kg4 c2 65. Kh5 c1Q 66. h4 Qf4 67. a4 Qf5+ 68. Kh6 Qg6# 0-1

[Event "EU-ch U12 Girls 28th"]
[Site "Riga"]
[Date "2018.08.27"]
[Round "7"]
[White "Tsirekidze, Barbare"]
[Black "Karmanova, Olga Dm"]
[Result "1/2-1/2"]
[WhiteElo "1413"]
[BlackElo "1730"]
[PlyCount "120"]
[EventDate "2018.08.20"]
[EventType "swiss"]
[EventRounds "9"]
[EventCountry "LAT"]
[SourceTitle "CBM 186 Extra"]
[Source "ChessBase"]
[SourceDate "2018.08.24"]
[SourceVersion "1"]
[SourceVersionDate "2018.08.24"]
[SourceQuality "1"]

1. d4 d6 2. Bf4 g6 3. e3 Bg7 4. c3 Nd7 5. Nf3 e5 6. dxe5 dxe5 7. Bg3 Nh6 8. Bh4 f6 9. Qd5 Nb6 10. Qxd8+ Kxd8 11. Na3 c6 12. 0-0-0+ Kc7 13. Bg3 Be6 14. c4 Nf7 15. Nd4 Bd7 16. Nb3 Bf8 17. Nb1 a5 18. Be2 a4 19. N3d2 f5 20. f3 Bc5 21. Nf1 Be6 22. b3 g5 23. Be1 axb3 24. axb3 Ra1 25. Bc3 Ba3+ 26. Bb2 Bxb2+ 27. Kxb2 Rha8 28. Nc3 Rxd1 29. Nxd1 f4 30. Nc3 Bf5 31. g4 Bg6 32. exf4 exf4 33. Nd2 Re8 34. Nde4 Nd7 35. Rd1 Bxe4 36. Nxe4 b6 37. Rxd7+ Kxd7 38. Nf6+ Ke7 39. Nxe8 Kxe8 40. Kc3 c5 41. Bd3 Ne5 42. Be4 Ke7 43. b4 Kd6 44. b5 h6 45. h3 Nf7 46. Kd3 Ke5 47. Kc3 Nd6 48. Bc6 h5 49. Ba8 Ne8 50. Bc6 Nd6 51. Ba8 Kf6 52. Bd5 Ne8 53. Kd3 h4 54. Ke4 Nd6+ 55. Kd3 Ke5 56. Bc6 Nf7 57. Bd5 Nd8 58. Kc3 Ne6 59. Bxe6 Kxe6 60. Kd2 Kd6 1/2-1/2

[Event "EU-ch U12 Girls 28th"]
[Site "Riga"]
[Date "2018.08.24"]
[Round "5"]
[White "Mikheeva, Galina"]
[Black "Tsirekidze, Barbare"]
[Result "0-1"]
[WhiteElo "1776"]
[BlackElo "1413"]
[PlyCount "162"]
[EventDate "2018.08.20"]
[EventType "swiss"]
[EventRounds "9"]
[EventCountry "LAT"]
[SourceTitle "CBM 186 Extra"]
[Source "ChessBase"]
[SourceDate "2018.08.24"]
[SourceVersion "1"]
[SourceVersionDate "2018.08.24"]
[SourceQuality "1"]

1. e4 e6 2. d4 b6 3. Nf3 Bb7 4. Nc3 g6 5. Bg5 Ne7 6. Qd2 Bg7 7. Bd3 d6 8. Bh6 0-0 9. 0-0 Nd7 10. Bxg7 Kxg7 11. Rfe1 a6 12. a4 d5 13. exd5 Nxd5 14. Nxd5 Bxd5 15. Be4 Nf6 16. Bxd5 Qxd5 17. Rad1 Qd6 18. c4 c5 19. Qc3 Rad8 20. h3 Qc7 21. Ne5 cxd4 22. Rxd4 Rxd4 23. Qxd4 Rd8 24. Qc3 Qd6 25. Ng4 Qd4 26. Qxd4 Rxd4 27. Ne3 Rd2 28. Rb1 Kf8 29. f3 Ke7 30. Kf1 Kd7 31. Ke1 Rd4 32. Rd1 Rxd1+ 33. Kxd1 Kd6 34. Kd2 Kc5 35. Kc3 a5 36. b3 Nh5 37. Ng4 Nf4 38. Ne3 f5 39. h4 h6 40. Kd2 Kb4 41. g3 Nh5 42. g4 Nf4 43. Kc2 Ne2 44. gxf5 gxf5 45. Kd3 Nc1+ 46. Kd4 Kxb3 47. Nd5 Ne2+ 48. Ke5 Kxc4 49. Nxb6+ Kd3 50. Kxe6 f4 51. Nd5 Nc3 52. Nxf4+ Kd4 53. Ng6 Nxa4 54. f4 Nc5+ 55. Ke7 Ke4 56. Ne5 Kxf4 57. Nc4 a4 58. Kf6 Kg4 59. Kg6 h5 60. Kf6 Kxh4 61. Ke5 Kg3 62. Kd4 h4 63. Ne3 h3 64. Kc3 Kf2 65. Ng4+ Kg1 66. Kb4 h2 67. Nxh2 Kxh2 68. Ka3 Kg3 69. Kb4 Kf3 70. Ka3 Ke3 71. Ka2 Kd3 72. Ka3 Kc3 73. Ka2 Kb4 74. Kb2 Ne4 75. Ka2 a3 76. Kb1 Kb3 77. Ka1 Ng3 78. Kb1 Ne2 79. Ka1 Nd4 80. Kb1 Nc2 81. Kc1 a2 0-1

[Event "EU-ch U12 Girls 28th"]
[Site "Riga"]
[Date "2018.08.22"]
[Round "3"]
[White "Tarasenka, Aliaksandra"]
[Black "Tsirekidze, Barbare"]
[Result "1-0"]
[WhiteElo "1747"]
[BlackElo "1413"]
[PlyCount "123"]
[EventDate "2018.08.20"]
[EventType "swiss"]
[EventRounds "9"]
[EventCountry "LAT"]
[SourceTitle "CBM 186 Extra"]
[Source "ChessBase"]
[SourceDate "2018.08.24"]
[SourceVersion "1"]
[SourceVersionDate "2018.08.24"]
[SourceQuality "1"]

1. d4 g6 2. Bf4 Bg7 3. e3 d6 4. c3 Nd7 5. Nf3 e6 6. h3 b6 7. Be2 Bb7 8. Nbd2 Ne7 9. 0-0 0-0 10. Bh2 h6 11. Qc2 Kh8 12. e4 f5 13. exf5 exf5 14. Bd3 Nf6 15. Rfe1 Qd7 16. Nh4 Kh7 17. Re2 Rae8 18. Rae1 d5 19. Nhf3 Ne4 20. Ne5 Bxe5 21. Bxe5 c5 22. f3 Ng5 23. Qc1 c4 24. Bb1 Ba6 25. Nf1 Nc6 26. Ng3 Nf7 27. f4 Re7 28. h4 h5 29. Re3 Rfe8 30. Bf6 Rxe3 31. Rxe3 Rxe3 32. Qxe3 Bc8 33. Qf3 Qe6 34. Be5 Nh6 35. Ne2 Ng4 36. g3 Ne7 37. b3 b5 38. Bc2 Qa6 39. Nc1 Be6 40. Qe2 Kg8 41. Bd1 Kf7 42. Qb2 Nh6 43. bxc4 bxc4 44. Qb4 Nhg8 45. Ba4 Qb6 46. a3 Nc8 47. Qb5 Qxb5 48. Bxb5 Nf6 49. Kf1 Ne4 50. Ne2 Ke7 51. Ke1 Bd7 52. Ba6 Ncd6 53. Kd1 Kd8 54. Nc1 Ba4+ 55. Ke1 Kc7 56. Na2 Kb6 57. Nb4 Bd7 58. Bg7 Nxc3 59. Bf8 Nce4 60. Kd1 Ne8 61. Be7 N8f6 62. Bd8# 1-0

[Event "Wch U10 Girls"]
[Site "Batumi"]
[Date "2016.10.28"]
[Round "9.14"]
[White "Tsirekidze, Barbare"]
[Black "Mikheeva, Galina"]
[Result "1/2-1/2"]
[WhiteElo "1367"]
[BlackElo "1542"]
[PlyCount "52"]
[EventDate "2016.10.19"]
[EventType "swiss"]
[EventRounds "11"]
[EventCountry "GEO"]
[SourceTitle "EXT 2018"]
[Source "ChessBase"]
[SourceDate "2017.10.13"]
[SourceVersion "1"]
[SourceVersionDate "2017.10.13"]
[SourceQuality "1"]

1. e4 e5 2. Nf3 Nc6 3. d4 exd4 4. Bc4 Bc5 5. Ng5 Nh6 6. Nxf7 Nxf7 7. Bxf7+ Kxf7 8. Qh5+ g6 9. Qxc5 Qe7 10. Qxe7+ Kxe7 11. a3 Re8 12. 0-0 Kf7 13. f3 a5 14. Bf4 d6 15. Nd2 Ne5 16. h3 Kg7 17. Rad1 Re6 18. Nb3 c5 19. Nd2 a4 20. Bg3 b5 21. Rde1 Ba6 22. Rf2 Rae8 23. Bxe5+ Rxe5 24. Nb1 Bb7 25. Rd1 d5 26. exd5 Rxd5 1/2-1/2

[Event "Wch U10 Girls"]
[Site "Batumi"]
[Date "2016.10.26"]
[Round "7.13"]
[White "Tsirekidze, Barbare"]
[Black "Keskin, Elif"]
[Result "0-1"]
[WhiteElo "1367"]
[BlackElo "1501"]
[PlyCount "68"]
[EventDate "2016.10.19"]
[EventType "swiss"]
[EventRounds "11"]
[EventCountry "GEO"]
[SourceTitle "EXT 2018"]
[Source "ChessBase"]
[SourceDate "2017.10.13"]
[SourceVersion "1"]
[SourceVersionDate "2017.10.13"]
[SourceQuality "1"]

1. b3 e5 2. Bb2 Nc6 3. e3 d6 4. h3 Nf6 5. d3 Be7 6. Be2 0-0 7. Nf3 h6 8. 0-0 Be6 9. d4 exd4 10. Nxd4 Nxd4 11. exd4 d5 12. Nd2 Re8 13. Bd3 Bd6 14. Re1 Qd7 15. Qf3 a5 16. a4 Re7 17. c4 Bb4 18. Red1 Rae8 19. c5 c6 20. Nf1 Ne4 21. Bxe4 dxe4 22. Qg3 Qd5 23. Rab1 Qxb3 24. Ne3 Bd5 25. Qg4 Re6 26. h4 Rg6 27. Qd7 Ree6 28. Ba1 Qxa4 29. Nxd5 Qa3 30. Nf4 e3 31. Nxg6 exf2+ 32. Kxf2 Qe3+ 33. Kf1 Rf6+ 34. Nf4 Rxf4# 0-1

[Event "Wch U10 Girls"]
[Site "Batumi"]
[Date "2016.10.20"]
[Round "2"]
[White "Menon, Gauri"]
[Black "Tsirekidze, Barbare"]
[Result "1-0"]
[WhiteElo "1622"]
[BlackElo "1367"]
[PlyCount "43"]
[EventDate "2016.10.19"]
[EventType "swiss"]
[EventRounds "11"]
[EventCountry "GEO"]
[SourceTitle "EXT 2018"]
[Source "ChessBase"]
[SourceDate "2017.10.13"]
[SourceVersion "1"]
[SourceVersionDate "2017.10.13"]
[SourceQuality "1"]

1. e4 e5 2. Nf3 Nc6 3. c3 d6 4. d4 exd4 5. cxd4 Nf6 6. Nc3 Bg4 7. Be3 Be7 8. h3 Bh5 9. Be2 0-0 10. 0-0 Bg6 11. Nd2 h6 12. f4 a6 13. f5 Bh7 14. Rf3 Nd7 15. Nd5 Nf6 16. Rg3 Kh8 17. Nf4 Re8 18. Qb3 Bf8 19. Qxf7 Bg8 20. Ng6+ Kh7 21. Nxf8+ Rxf8 22. Qxg7# 1-0

[Event "EU-ch U10 Girls 26th"]
[Site "Prague"]
[Date "2016.08.22"]
[Round "5"]
[White "Tsirekidze, Barbare"]
[Black "Karaivanova, Petya F"]
[Result "0-1"]
[WhiteElo "1382"]
[BlackElo "1534"]
[PlyCount "161"]
[EventDate "2016.08.18"]
[EventType "swiss"]
[EventRounds "9"]
[EventCountry "CZE"]
[SourceTitle "CBM 174 Extra"]
[Source "ChessBase"]
[SourceDate "2016.10.10"]
[SourceVersion "1"]
[SourceVersionDate "2016.10.10"]
[SourceQuality "1"]

1. e3 d5 2. g3 g6 3. Bg2 Bg7 4. d4 Nf6 5. Ne2 Nbd7 6. 0-0 0-0 7. b3 Nb6 8. Bb2 Re8 9. Nd2 c6 10. Rc1 Bf5 11. c4 Rc8 12. c5 Nbd7 13. Nf3 Be4 14. Nc3 Bxf3 15. Qxf3 e5 16. Rfe1 Bh6 17. Rcd1 Bg7 18. Bh3 Ra8 19. Bg2 Qc7 20. b4 b5 21. a3 e4 22. Qe2 Nf8 23. Ra1 Ne6 24. Ra2 a5 25. Raa1 Qd7 26. Bh3 Qc7 27. Bg2 a4 28. Rad1 Red8 29. Bh3 Ng5 30. Bg2 Qd7 31. Bc1 Ne6 32. Bh3 Qc7 33. Bxe6 fxe6 34. Qf1 Rf8 35. Qh3 Qf7 36. Rf1 Rae8 37. Ne2 Nd7 38. Bb2 e5 39. dxe5 Bxe5 40. Nd4 Bxd4 41. Bxd4 Ne5 42. Bxe5 Rxe5 43. Qg4 Rf5 44. Qe2 Rf3 45. Kg2 Qe6 46. Qb2 R8f5 47. h3 Rf8 48. Rd2 Qf5 49. Qd4 Qf6 50. Qxf6 R8xf6 51. Rd4 Kf7 52. h4 h5 53. Rd2 Ke6 54. Rd4 R6f5 55. Rd2 Kf6 56. Rdd1 Ke6 57. Rd2 Kf6 58. Rg1 Ke5 59. Kf1 Rxe3 60. Ra2 Rb3 61. Ke2 d4 62. Rf1 Kd5 63. Kd2 e3+ 64. Ke2 Rxf2+ 65. Rxf2 exf2 66. Kxf2 Kc4 67. Rd2 Kc3 68. Rd1 d3 69. Ke3 Kb2 70. Rxd3 Kxa3 71. Kd2 Rxd3+ 72. Kxd3 Kb2 73. Ke4 a3 74. Kf4 a2 75. Kg5 a1Q 76. Kxg6 Qd1 77. Kf6 Qe2 78. Kg5 Kc3 79. g4 Qxg4+ 80. Kf6 Qe4 81. Kg5 0-1